[Event "CHN-chT"]
[Site "China"]
[Date "2013.05.03"]
[Round "4.4"]
[White "Wang, Pin"]
[Black "Wu, Mengxian"]
[Result "1-0"]
[WhiteElo "2397"]
[BlackElo "1826"]
[PlyCount "91"]
[EventDate "2013.04.30"]
[EventType "team-tourn"]
[EventRounds "22"]
[EventCountry "CHN"]
[SourceTitle "CBM 154 Extra"]
[Source "ChessBase"]
[SourceDate "2013.06.25"]
[SourceVersion "2"]
[SourceVersionDate "2013.06.25"]
[SourceQuality "1"]
[WhiteTeam "Shanghai"]
[BlackTeam "Qinhuangdao"]
[WhiteTeamCountry "CHN"]
[BlackTeamCountry "CHN"]

1. e4 d5 2. exd5 Qxd5 3. Nc3 Qa5 4. Nf3 Nf6 5. Bc4 Bf5 6. 0-0 c6 7. h3 h6 8. d4 Qc7 9. Bb3 e6 10. Re1 Be7 11. Ne5 Nbd7 12. Bf4 Nxe5 13. Bxe5 Bd6 14. Qf3 0-0-0 15. a4 a5 16. Nb1 Bxe5 17. dxe5 Nd7 18. Qc3 Qb6 19. Na3 Qb4 20. Nc4 Qxc3 21. bxc3 Kc7 22. Nxa5 Nb6 23. Reb1 Bg6 24. Rb2 Rd2 25. Rab1 Rhd8 26. Kf1 Rd1+ 27. Rxd1 Rxd1+ 28. Ke2 Rd8 29. g4 Ra8 30. Nc4 Nxa4 31. Bxa4 Rxa4 32. Nd6 b5 33. c4 b4 34. c5 Kd7 35. f4 f5 36. Kd2 fxg4 37. hxg4 Bh7 38. Rb1 Ra2 39. f5 Ra4 40. Rb3 Ke7 41. Rh3 Ra3 42. f6+ gxf6 43. Rxh6 Bg8 44. exf6+ Kf8 45. g5 Rg3 46. g6 1-0

[Event "Asia Cities-ch 15th"]
[Site "Tehran"]
[Date "2007.03.07"]
[Round "8.2"]
[White "Antonio, Rogelio Jr"]
[Black "Wang, Pin"]
[Result "1/2-1/2"]
[WhiteElo "2551"]
[BlackElo "2409"]
[PlyCount "40"]
[EventDate "2007.03.02"]
[EventType "team-swiss"]
[EventRounds "9"]
[EventCountry "IRI"]
[SourceTitle "EXT 2020"]
[Source "ChessBase"]
[SourceDate "2019.10.17"]
[SourceVersion "1"]
[SourceVersionDate "2019.10.17"]
[SourceQuality "1"]
[WhiteTeam "Tagaytay"]
[BlackTeam "Shanghai"]
[WhiteTeamCountry "PHI"]
[BlackTeamCountry "CHN"]

1. e4 c5 2. Nf3 d6 3. c3 Nf6 4. Bd3 Nc6 5. Bc2 Bg4 6. h3 Bxf3 7. Qxf3 g6 8. Qd1 Bg7 9. 0-0 Nd7 10. d3 0-0 11. Nd2 b5 12. Nf3 b4 13. d4 bxc3 14. bxc3 Qa5 15. Ba4 Rac8 16. Bd2 Nb6 17. Bb3 Qa3 18. Bc1 Qa5 19. Bd2 Qa3 20. Bc1 Qa5 1/2-1/2

[Event "Asia Cities-ch 15th"]
[Site "Tehran"]
[Date "2007.03.05"]
[Round "5.3"]
[White "Wang, Pin"]
[Black "Darban Vaighani, Morteza"]
[Result "1/2-1/2"]
[WhiteElo "2409"]
[BlackElo "2401"]
[PlyCount "41"]
[EventDate "2007.03.02"]
[EventType "team-swiss"]
[EventRounds "9"]
[EventCountry "IRI"]
[SourceTitle "EXT 2020"]
[Source "ChessBase"]
[SourceDate "2019.10.17"]
[SourceVersion "1"]
[SourceVersionDate "2019.10.17"]
[SourceQuality "1"]
[WhiteTeam "Shanghai"]
[BlackTeam "Tidewater Hormozgan"]
[WhiteTeamCountry "CHN"]
[BlackTeamCountry "IRI"]

1. e4 c5 2. Nf3 e6 3. d4 cxd4 4. Nxd4 a6 5. Nc3 b5 6. Bd3 Qb6 7. Nf3 Nc6 8. 0-0 Qb8 9. e5 Nxe5 10. Nxe5 Qxe5 11. Qf3 Bd6 12. g3 Rb8 13. Bf4 Qd4 14. Ne4 Bxf4 15. Qxf4 Rb6 16. Rad1 e5 17. Qg5 Rg6 18. Qh5 Rh6 19. Qg5 Rg6 20. Qh5 Rh6 21. Qg5 1/2-1/2

[Event "Asia Cities-ch 15th"]
[Site "Tehran"]
[Date "2007.03.04"]
[Round "4.2"]
[White "Moradiabadi, Elshan"]
[Black "Wang, Pin"]
[Result "1-0"]
[WhiteElo "2569"]
[BlackElo "2409"]
[PlyCount "76"]
[EventDate "2007.03.02"]
[EventType "team-swiss"]
[EventRounds "9"]
[EventCountry "IRI"]
[SourceTitle "EXT 2020"]
[Source "ChessBase"]
[SourceDate "2019.10.17"]
[SourceVersion "1"]
[SourceVersionDate "2019.10.17"]
[SourceQuality "1"]
[WhiteTeam "Tehran Saipa"]
[BlackTeam "Shanghai"]
[WhiteTeamCountry "IRI"]
[BlackTeamCountry "CHN"]

1. d4 Nf6 2. c4 g6 3. Nf3 Bg7 4. g3 0-0 5. Bg2 d6 6. 0-0 Nc6 7. Nc3 Rb8 8. h3 a6 9. e4 Nd7 10. Be3 Na5 11. b3 b5 12. cxb5 axb5 13. Rc1 b4 14. Na4 c6 15. Qd2 Ba6 16. Rfe1 Bb5 17. Qxb4 Bd3 18. Qa3 Bxe4 19. Bg5 f5 20. Nc3 Nf6 21. Bxf6 Bxf6 22. Nxe4 fxe4 23. Rxe4 Qb6 24. Rc2 Nb7 25. Qc1 Nd8 26. Re1 Ra8 27. Qe3 Ra5 28. Rd1 Rd5 29. Rcd2 Rf5 30. g4 Ra5 31. g5 Bg7 32. Qxe7 Raf5 33. Rd3 Nf7 34. h4 c5 35. dxc5 Qxc5 36. Qe3 Qb4 37. Nd4 Re5 38. Qd2 Qb6 1-0

[Event "CHN-ch (Women)"]
[Site "Wuxi"]
[Date "2006.07.03"]
[Round "8"]
[White "Gu, Xiaobing"]
[Black "Wang, Pin"]
[Result "0-1"]
[WhiteElo "2371"]
[BlackElo "2393"]
[PlyCount "112"]
[EventDate "2006.06.25"]
[EventType "tourn"]
[EventRounds "11"]
[EventCountry "CHN"]
[EventCategory "5"]
[SourceTitle "CBM 113 Extra"]
[Source "ChessBase"]
[SourceDate "2006.09.14"]
[SourceVersion "1"]
[SourceVersionDate "2006.09.14"]
[SourceQuality "1"]

1. e4 c5 2. Nf3 e6 3. d4 cxd4 4. Nxd4 Nc6 5. Nc3 Qc7 6. g3 a6 7. Bg2 Nf6 8. 0-0 Bc5 9. Nb3 Ba7 10. a4 Ne5 11. Qe2 d6 12. Kh1 h5 13. h4 Bd7 14. Be3 Bxe3 15. Qxe3 Nc4 16. Qc1 Rc8 17. Qg5 Nxb2 18. Nd5 exd5 19. Qxg7 Ke7 20. exd5 Nc4 21. Rae1+ Ne5 22. f4 Rcg8 23. fxe5 Rxg7 24. exf6+ Kf8 25. fxg7+ Kxg7 26. Re7 Rf8 27. Bh3 Qxc2 28. Na1 Bxh3 29. Nxc2 Bxf1 30. Rxb7 Rc8 31. Ne3 Bd3 32. Kg2 Rc1 33. Rb6 Ra1 34. Rxd6 Rxa4 35. Rd8 Kf6 36. Re8 Re4 37. Rxe4 Bxe4+ 38. Kf2 Ke5 39. g4 hxg4 40. h5 f5 41. h6 g3+ 42. Ke2 f4 43. Ng4+ Kd6 44. Nf6 Bb1 45. h7 Bxh7 46. Nxh7 Kxd5 47. Nf6+ Kd4 48. Nd7 a5 49. Nb6 Ke4 50. Na4 f3+ 51. Kf1 Ke3 52. Nc3 Kd3 53. Na4 Kd2 54. Nc5 Ke3 55. Na4 f2 56. Kg2 Ke2 0-1

[Event "CHN-ch (Women)"]
[Site "Wuxi"]
[Date "2006.07.02"]
[Round "7"]
[White "Wang, Pin"]
[Black "Kuang, Yinghui"]
[Result "1-0"]
[WhiteElo "2393"]
[BlackElo "2303"]
[PlyCount "59"]
[EventDate "2006.06.25"]
[EventType "tourn"]
[EventRounds "11"]
[EventCountry "CHN"]
[EventCategory "5"]
[SourceTitle "CBM 113 Extra"]
[Source "ChessBase"]
[SourceDate "2006.09.14"]
[SourceVersion "1"]
[SourceVersionDate "2006.09.14"]
[SourceQuality "1"]

1. e4 e5 2. Nf3 Nc6 3. Bb5 a6 4. Ba4 Nf6 5. 0-0 Be7 6. Re1 b5 7. Bb3 0-0 8. d3 d6 9. c3 Na5 10. Bc2 c5 11. Nbd2 Nc6 12. Nf1 Qc7 13. h3 d5 14. exd5 Nxd5 15. Qe2 Nf4 16. Bxf4 exf4 17. d4 Bd6 18. Ng5 g6 19. dxc5 Bxc5 20. Nxh7 Bxf2+ 21. Qxf2 Kxh7 22. Re4 Bf5 23. Rxf4 Bxc2 24. Rh4+ Kg7 25. Qxc2 Rae8 26. Qf2 Re5 27. Ng3 Rfe8 28. a4 Qe7 29. Rf1 Re1 30. Nf5+ 1-0

[Event "CHN-ch (Women)"]
[Site "Wuxi"]
[Date "2006.06.29"]
[Round "5"]
[White "Wang, Pin"]
[Black "Gong, Qianyun"]
[Result "1-0"]
[WhiteElo "2393"]
[BlackElo "2355"]
[PlyCount "45"]
[EventDate "2006.06.25"]
[EventType "tourn"]
[EventRounds "11"]
[EventCountry "CHN"]
[EventCategory "5"]
[SourceTitle "CBM 113 Extra"]
[Source "ChessBase"]
[SourceDate "2006.09.14"]
[SourceVersion "1"]
[SourceVersionDate "2006.09.14"]
[SourceQuality "1"]

1. e4 e6 2. d4 d5 3. Nd2 Be7 4. Ngf3 Nf6 5. e5 Nfd7 6. Bd3 c5 7. c3 Nc6 8. 0-0 a5 9. Re1 cxd4 10. cxd4 Qb6 11. Nb1 Nxd4 12. Nxd4 Qxd4 13. Nc3 Bc5 14. Nb5 Qxf2+ 15. Kh1 0-0 16. Bg5 f6 17. Qh5 f5 18. Re2 g6 19. Qh3 Nxe5 20. Rxf2 Bxf2 21. Nc7 Rb8 22. Be2 Bb6 23. Rc1 1-0

[Event "CHN-ch (Women)"]
[Site "Wuxi"]
[Date "2006.06.27"]
[Round "3"]
[White "Wang, Pin"]
[Black "Zhao, Xue"]
[Result "1/2-1/2"]
[WhiteElo "2393"]
[BlackElo "2423"]
[PlyCount "127"]
[EventDate "2006.06.25"]
[EventType "tourn"]
[EventRounds "11"]
[EventCountry "CHN"]
[EventCategory "5"]
[SourceTitle "CBM 113 Extra"]
[Source "ChessBase"]
[SourceDate "2006.09.14"]
[SourceVersion "1"]
[SourceVersionDate "2006.09.14"]
[SourceQuality "1"]

1. e4 e5 2. Nf3 Nc6 3. Bb5 a6 4. Ba4 Nf6 5. 0-0 Be7 6. Re1 b5 7. Bb3 d6 8. c3 0-0 9. d4 Bg4 10. d5 Na5 11. Bc2 Qc8 12. Nbd2 c6 13. b4 Nb7 14. dxc6 Qxc6 15. Bb2 Rfc8 16. h3 Bd7 17. Nf1 h6 18. Bb3 Be6 19. Ng3 a5 20. Rc1 Nd8 21. Nh2 g6 22. bxa5 Qd7 23. Qd2 Kg7 24. f4 exf4 25. Qxf4 Bc4 26. Rcd1 Qa7+ 27. Kh1 Ne6 28. Qd2 Qc5 29. Nf3 Nh5 30. Nxh5+ Qxh5 31. Ba3 Rxa5 32. Bb4 Ra7 33. Bxc4 Rxc4 34. Qd5 Nf4 35. Qxh5 Nxh5 36. Kh2 Bf6 37. Rxd6 Bxc3 38. Bxc3+ Rxc3 39. Rd2 Rca3 40. Rb1 Nf6 41. Rxb5 Nxe4 42. Rc2 Rxa2 43. Rxa2 Rxa2 44. Rb7 Nc5 45. Rc7 Ne6 46. Rd7 Nf4 47. Rd2 Ra3 48. Rd4 Nd3 49. Re4 Nc5 50. Rc4 Ne6 51. Nd4 Ng5 52. Rc2 h5 53. h4 Ne4 54. Nf3 Nf6 55. Kg3 Nd5 56. Rd2 Ne3 57. Kh3 Ra1 58. g3 Nf1 59. Ne5 f6 60. Rd7+ Kg8 61. Rd8+ Kh7 62. Rd7+ Kh6 63. Nf7+ Kg7 64. Ne5+ 1/2-1/2

[Event "All China Games 3rd"]
[Site "Suzhou"]
[Date "2006.05.24"]
[Round "7"]
[White "Wang, Pin"]
[Black "Zhang, Jilin"]
[Result "1/2-1/2"]
[WhiteElo "2393"]
[BlackElo "2294"]
[PlyCount "104"]
[EventDate "2006.05.20"]
[EventType "swiss"]
[EventRounds "11"]
[EventCountry "CHN"]
[SourceTitle "CBM 112 Extra"]
[Source "ChessBase"]
[SourceDate "2006.07.14"]
[SourceVersion "1"]
[SourceVersionDate "2006.07.14"]
[SourceQuality "1"]

1. e4 c5 2. Nf3 d6 3. d4 cxd4 4. Nxd4 Nf6 5. Nc3 a6 6. Be3 e5 7. Nb3 Be7 8. Qd2 Be6 9. f4 exf4 10. Bxf4 d5 11. exd5 Nxd5 12. Nxd5 Qxd5 13. Qxd5 Bxd5 14. 0-0-0 Be6 15. Na5 b6 16. Nc4 Bc5 17. Nd6+ Ke7 18. Ne4 Nd7 19. Nxc5 Nxc5 20. Bd6+ Kf6 21. Be2 Kg6 22. g4 f6 23. Rhe1 Rhe8 24. b3 Kf7 25. Kb2 Rac8 26. a4 g6 27. h3 Ra8 28. a5 Nd7 29. Bf3 Ra7 30. axb6 Nxb6 31. Bc5 Rb8 32. Rxe6 Na4+ 33. Ka3 Nxc5 34. Rc6 Nd7 35. Rdd6 a5 36. Ra6 Rxa6 37. Rxa6 Rc8 38. c4 f5 39. gxf5 gxf5 40. Bd5+ Ke7 41. Rxa5 f4 42. Ra7 Kd6 43. Kb4 Rf8 44. Ra6+ Ke5 45. Bf3 Rb8+ 46. Kc3 Rxb3+ 47. Kxb3 Nc5+ 48. Kb4 Nxa6+ 49. Kb5 Nc7+ 50. Kb6 Ne6 51. c5 Nxc5 52. Kxc5 h6 1/2-1/2

[Event "All China Games 3rd"]
[Site "Suzhou"]
[Date "2006.05.22"]
[Round "5"]
[White "Wang, Pin"]
[Black "Cheng, Xinkai"]
[Result "1-0"]
[WhiteElo "2393"]
[BlackElo "2352"]
[PlyCount "91"]
[EventDate "2006.05.20"]
[EventType "swiss"]
[EventRounds "11"]
[EventCountry "CHN"]
[SourceTitle "CBM 112 Extra"]
[Source "ChessBase"]
[SourceDate "2006.07.14"]
[SourceVersion "1"]
[SourceVersionDate "2006.07.14"]
[SourceQuality "1"]

1. e4 c5 2. Nf3 d6 3. d4 cxd4 4. Nxd4 Nf6 5. Nc3 Nc6 6. Bg5 Qb6 7. Nb3 e6 8. Be2 Be7 9. Be3 Qc7 10. 0-0 a6 11. a4 b6 12. f4 Bb7 13. Bf3 0-0 14. Qe1 Nd7 15. Rd1 Nc5 16. Kh1 Rad8 17. Qg3 Kh8 18. Qf2 Nd7 19. Rd2 Bf6 20. Rfd1 Bxc3 21. bxc3 Nc5 22. e5 dxe5 23. Nxc5 bxc5 24. Bxc5 Rxd2 25. Rxd2 Rd8 26. fxe5 h6 27. Bd6 Qa5 28. Rd1 Qxa4 29. Qb6 Rd7 30. Rf1 Qc4 31. Rb1 Nd8 32. Bxb7 Nxb7 33. h3 Kh7 34. Qa7 Qc8 35. Qd4 f6 36. c4 fxe5 37. Qe4+ Kh8 38. Bxe5 Nd6 39. Qg6 Nb7 40. Qxh6+ Kg8 41. Qxe6+ Kh8 42. Rf1 Nc5 43. Qg4 Qe8 44. Rf5 Qe6 45. Rf8+ Kh7 46. Qh5+ 1-0

[Event "All China Games 3rd"]
[Site "Suzhou"]
[Date "2006.05.21"]
[Round "4"]
[White "Lin, Weiguo"]
[Black "Wang, Pin"]
[Result "1/2-1/2"]
[WhiteElo "2448"]
[BlackElo "2393"]
[PlyCount "106"]
[EventDate "2006.05.20"]
[EventType "swiss"]
[EventRounds "11"]
[EventCountry "CHN"]
[SourceTitle "CBM 112 Extra"]
[Source "ChessBase"]
[SourceDate "2006.07.14"]
[SourceVersion "1"]
[SourceVersionDate "2006.07.14"]
[SourceQuality "1"]

1. d4 Nf6 2. Bg5 d5 3. Bxf6 exf6 4. e3 Bd6 5. c4 dxc4 6. Bxc4 0-0 7. Nf3 Nd7 8. 0-0 f5 9. Nc3 c6 10. Rc1 Qe7 11. a3 Nf6 12. Re1 Ne4 13. Qc2 Bd7 14. Bd3 Rfe8 15. g3 Rad8 16. Nd2 Nxd2 17. Qxd2 Qf6 18. Qc2 h5 19. Bf1 h4 20. Bg2 Be6 21. Rcd1 Bb8 22. d5 cxd5 23. Nxd5 Bxd5 24. Bxd5 Be5 25. b4 b6 26. Rd3 g6 27. Red1 Kg7 28. Qa4 Bb8 29. Kg2 Re7 30. Bf3 Rxd3 31. Rxd3 Bc7 32. Rd4 hxg3 33. hxg3 a5 34. Rd1 axb4 35. axb4 Qb2 36. Rh1 Qe5 37. Qc6 Qd6 38. Qc4 Qf6 39. Qa6 Qd6 40. b5 Rd7 41. Rc1 Qe5 42. Qc8 Re7 43. Bc6 Qd6 44. Bf3 Qd8 45. Qa6 Qd6 46. Rd1 Qe5 47. Qa4 Re8 48. Rd5 Qe7 49. Qd4+ Qf6 50. Rd7 Qxd4 51. exd4 Bd8 52. Bc6 Bf6 53. Bd5 Re7 1/2-1/2

[Event "All China Games 3rd"]
[Site "Suzhou"]
[Date "2006.05.20"]
[Round "2"]
[White "Wu, Wenjin"]
[Black "Wang, Pin"]
[Result "1-0"]
[WhiteElo "2508"]
[BlackElo "2393"]
[PlyCount "233"]
[EventDate "2006.05.20"]
[EventType "swiss"]
[EventRounds "11"]
[EventCountry "CHN"]
[SourceTitle "CBM 112 Extra"]
[Source "ChessBase"]
[SourceDate "2006.07.14"]
[SourceVersion "1"]
[SourceVersionDate "2006.07.14"]
[SourceQuality "1"]

1. Nf3 Nf6 2. c4 g6 3. Nc3 Bg7 4. d4 0-0 5. Bf4 d6 6. Qd2 c5 7. Bh6 Bxh6 8. Qxh6 cxd4 9. Nxd4 Nc6 10. Qd2 Nxd4 11. Qxd4 Be6 12. e3 Qa5 13. Be2 Rfc8 14. 0-0 a6 15. a3 Qc5 16. Na4 Qxd4 17. exd4 Rab8 18. d5 b5 19. dxe6 bxa4 20. exf7+ Kxf7 21. Rab1 Rb6 22. Rfc1 Rcb8 23. c5 dxc5 24. Rxc5 Rxb2 25. Bc4+ Kf8 26. Rxb2 Rxb2 27. f3 Rb1+ 28. Kf2 Ra1 29. g4 Rxa3 30. Rc8+ Kg7 31. g5 Rc3 32. gxf6+ Kxf6 33. Rf8+ Ke5 34. Be2 a3 35. Ra8 a2 36. Rxa6 Rc2 37. Ke3 Kd5 38. Ra5+ Kc6 39. h3 Kb6 40. Ra4 Kc5 41. Bd3 Rb2 42. h4 e6 43. f4 Rh2 44. h5 gxh5 45. Be2 Rh3+ 46. Ke4 e5 47. Rxa2 exf4 48. Bf3 Rh4 49. Rc2+ Kb4 50. Kf5 Kb3 51. Rc6 Rh2 52. Kxf4 h4 53. Kg4 Kb4 54. Rc7 h6 55. Rc6 Kb5 56. Rxh6 Kc5 57. Re6 Kd4 58. Kf4 Rd2 59. Rh6 Rh2 60. Rd6+ Kc5 61. Rd8 Kc4 62. Ke3 Kc5 63. Rd5+ Kc4 64. Rd6 Kb4 65. Rc6 Kb5 66. Rc1 Kb4 67. Kf4 Kb3 68. Kg4 Kb2 69. Rg1 Kc3 70. Bg2 Kd4 71. Bh3 Rd2 72. Kxh4 Rf2 73. Kg3 Rf8 74. Re1 Kd3 75. Bg4 Kd2 76. Re5 Kd3 77. Bf5+ Kd4 78. Kf4 Rf6 79. Re4+ Kd5 80. Re8 Rd6 81. Ke3 Rf6 82. Be4+ Kd6 83. Kd4 Kd7 84. Rg8 Kd6 85. Ra8 Ke6 86. Ra5 Kd6 87. Bf5 Kc7 88. Ke5 Rd6 89. Ra1 Rd8 90. Be4 Kb6 91. Bd5 Re8+ 92. Kd4 Rc8 93. Rb1+ Kc7 94. Rb7+ Kd6 95. Rb6+ Ke7 96. Ke5 Rc7 97. Rf6 Kd7 98. Rg6 Ke7 99. Bc6 Kf7 100. Rf6+ Kg7 101. Bd5 Rc8 102. Rf4 Rf8 103. Rg4+ Kh6 104. Rg1 Kh7 105. Be4+ Kh8 106. Rh1+ Kg8 107. Bf5 Kg7 108. Rh7+ Kg8 109. Ra7 Kh8 110. Kf4 Rb8 111. Kg5 Kg8 112. Be6+ Kf8 113. Kf6 Ke8 114. Rd7 Rb6 115. Rd3 Rb8 116. Bf7+ Kf8 117. Rg3 1-0

[Event "World-ch (Women) k.o."]
[Site "Elista"]
[Date "2004.05.22"]
[Round "1.1"]
[White "Paehtz, Elisabeth"]
[Black "Wang, Pin"]
[Result "1-0"]
[WhiteElo "2385"]
[BlackElo "2417"]
[PlyCount "105"]
[EventDate "2004.05.22"]
[EventType "k.o."]
[EventRounds "6"]
[EventCountry "RUS"]
[SourceTitle "CBM 100 Extra"]
[Source "ChessBase"]
[SourceDate "2004.07.06"]
[SourceVersion "2"]
[SourceVersionDate "2004.07.06"]
[SourceQuality "1"]

1. e4 c5 2. Nf3 d6 3. d4 cxd4 4. Nxd4 Nf6 5. Nc3 a6 6. f4 e6 7. Qf3 Qb6 8. Nb3 Nc6 9. Be3 Qc7 10. 0-0-0 b5 11. g4 Bb7 12. Bd3 Nd7 13. Qf2 Be7 14. g5 Nb4 15. Kb1 Nc5 16. Nxc5 dxc5 17. Bf1 0-0 18. Bg2 Rad8 19. f5 Rxd1+ 20. Rxd1 Rd8 21. Rf1 exf5 22. a3 Nc6 23. exf5 Ne5 24. Bxb7 Qxb7 25. f6 Bf8 26. Bxc5 Ng4 27. Qg1 Bxc5 28. Qxc5 Nxh2 29. Rf4 Nf3 30. Ka2 Rc8 31. Qd5 Qxd5+ 32. Nxd5 Rc5 33. Ne7+ Kf8 34. Rxf3 Rxg5 35. Nc6 Rc5 36. fxg7+ Kxg7 37. Nd4 h5 38. c3 Kg6 39. Kb3 h4 40. a4 Rh5 41. axb5 axb5 42. Rf2 h3 43. Nf3 f6 44. Kb4 Kf5 45. Nh2+ Kg5 46. b3 f5 47. c4 bxc4 48. bxc4 Kh4 49. c5 f4 50. c6 Rh8 51. Rc2 Rc8 52. Rc3 Rb8+ 53. Kc5 1-0

[Event "Asia-ch (Women) 10th"]
[Site "Calicut"]
[Date "2003.08.25"]
[Round "9"]
[White "Wang, Pin"]
[Black "Safira, Shahnaz"]
[Result "1-0"]
[WhiteElo "2465"]
[BlackElo "2120"]
[PlyCount "155"]
[EventDate "2003.08.17"]
[EventType "swiss"]
[EventRounds "9"]
[EventCountry "IND"]
[SourceTitle "CBM 095 Extra"]
[Source "ChessBase"]
[SourceDate "2003.09.04"]
[SourceVersion "1"]
[SourceVersionDate "2003.09.04"]
[SourceQuality "1"]

1. e4 c5 2. Nf3 e6 3. d4 cxd4 4. Nxd4 a6 5. Nc3 Nc6 6. Be2 Qc7 7. 0-0 Nf6 8. Kh1 Bb4 9. Nxc6 bxc6 10. Na4 Rb8 11. c4 Be7 12. Qc2 c5 13. f4 Bb7 14. Bf3 0-0 15. Be3 d6 16. Rad1 Bc6 17. Nc3 Nd7 18. Rd2 Nb6 19. b3 Nc8 20. g4 Qb7 21. Bg2 Nb6 22. g5 Rfd8 23. Qd1 a5 24. Qg4 d5 25. exd5 exd5 26. cxd5 Nxd5 27. Nxd5 Bxd5 28. Rfd1 Bxg2+ 29. Qxg2 Rxd2 30. Rxd2 Qb4 31. Rd7 Bf8 32. Qd5 Qe1+ 33. Bg1 Qe8 34. f5 g6 35. f6 Rc8 36. Bf2 a4 37. Kg2 axb3 38. axb3 h6 39. gxh6 Bxh6 40. h4 Bf8 41. h5 gxh5 42. Re7 Qc6 43. Qxc6 Rxc6 44. Re8 Kh7 45. Rxf8 Kg6 46. Bh4 c4 47. Rg8+ Kf5 48. Rg5+ Ke6 49. bxc4 Rxc4 50. Rxh5 Rc2+ 51. Kg3 Rc4 52. Ra5 Rb4 53. Ra2 Kf5 54. Rf2+ Kg6 55. Rf4 Rb3+ 56. Kg4 Rb6 57. Re4 Ra6 58. Kf3 Ra3+ 59. Kf4 Ra5 60. Ke3 Ra3+ 61. Kd4 Ra4+ 62. Kd5 Ra5+ 63. Kd6 Ra7 64. Rg4+ Kh5 65. Rf4 Kg6 66. Rg4+ Kh5 67. Rc4 Rb7 68. Bf2 Kg6 69. Bd4 Rb1 70. Bc3 Rb6+ 71. Kd5 Rb7 72. Rc8 Ra7 73. Ke4 Rb7 74. Rg8+ Kh5 75. Kf5 Kh4 76. Be5 Kh3 77. Rg3+ Kh4 78. Rg2 1-0

[Event "Asia-ch (Women) 10th"]
[Site "Calicut"]
[Date "2003.08.23"]
[Round "7"]
[White "Meera, Sai Ravi"]
[Black "Wang, Pin"]
[Result "1-0"]
[WhiteElo "2172"]
[BlackElo "2465"]
[PlyCount "95"]
[EventDate "2003.08.17"]
[EventType "swiss"]
[EventRounds "9"]
[EventCountry "IND"]
[SourceTitle "CBM 095 Extra"]
[Source "ChessBase"]
[SourceDate "2003.09.04"]
[SourceVersion "1"]
[SourceVersionDate "2003.09.04"]
[SourceQuality "1"]

1. e4 c5 2. Nc3 Nc6 3. g3 g6 4. Bg2 Bg7 5. d3 d6 6. f4 e6 7. Nf3 Nge7 8. 0-0 0-0 9. Be3 Nd4 10. e5 Nef5 11. Bf2 Nxf3+ 12. Qxf3 Nd4 13. Qd1 Rb8 14. Ne4 dxe5 15. fxe5 b6 16. c3 Nf5 17. Nf6+ Kh8 18. g4 Ne7 19. Qf3 Nd5 20. Bh4 Bb7 21. Qh3 Bxf6 22. exf6 e5 23. Bg5 Nf4 24. Qh6 Rg8 25. Bxb7 Rxb7 26. Qg7+ Rxg7 27. fxg7+ Kxg7 28. Bxd8 Rd7 29. Bh4 g5 30. Bg3 Nxd3 31. Rad1 f6 32. Rfe1 c4 33. Re4 b5 34. b3 Rc7 35. bxc4 bxc4 36. Rb1 Kf7 37. Rb5 Ke6 38. Ra5 h5 39. h3 h4 40. Bf2 Rb7 41. Rxc4 Rb1+ 42. Kg2 Rb2 43. Rc6+ Kf7 44. Rxa7+ Kg6 45. Rcc7 Nf4+ 46. Kf3 e4+ 47. Kxe4 Ne6 48. Re7 1-0

[Event "Olympiad Women-35"]
[Site "Bled"]
[Date "2002.11.08"]
[Round "13.2"]
[White "Vasilevich, Tatjana"]
[Black "Wang, Pin"]
[Result "1/2-1/2"]
[WhiteElo "2415"]
[BlackElo "2473"]
[PlyCount "93"]
[EventDate "2002.10.26"]
[EventType "team-swiss"]
[EventRounds "14"]
[EventCountry "SLO"]
[SourceTitle "EXT 2003"]
[Source "ChessBase"]
[SourceDate "2002.11.25"]
[SourceVersion "1"]
[SourceVersionDate "2002.11.25"]
[SourceQuality "1"]
[WhiteTeam "Ukraine (W)"]
[BlackTeam "China (W)"]
[WhiteTeamCountry "UKR"]
[BlackTeamCountry "CHN"]

1. d4 Nf6 2. c4 g6 3. Nc3 Bg7 4. e4 d6 5. Nf3 0-0 6. Be2 e5 7. 0-0 Nc6 8. d5 Ne7 9. b4 Nh5 10. Re1 f5 11. Ng5 Nf6 12. Bf3 c6 13. Qb3 cxd5 14. cxd5 fxe4 15. Ncxe4 Nxe4 16. Bxe4 Nf5 17. Ne6 Bxe6 18. dxe6 Qe7 19. Bb2 Kh8 20. Rad1 Rad8 21. Rd3 Rfe8 22. Bd5 Bf6 23. Qa4 a6 24. b5 axb5 25. Qxb5 Ng7 26. Qxb7 Qxb7 27. Bxb7 Rb8 28. Rb3 Nxe6 29. Bd5 Nf4 30. Rd1 Nxd5 31. Rxd5 Rxb3 32. axb3 Rb8 33. Rxd6 Rxb3 34. Rxf6 Rxb2 35. g3 Rb5 36. Re6 Kg8 37. Re7 h5 38. h4 Kf8 39. Ra7 Rb1+ 40. Kg2 Re1 41. f3 Re2+ 42. Kf1 Rb2 43. Ra5 Rb1+ 44. Kf2 Rb2+ 45. Kf1 Rb1+ 46. Kf2 Rb2+ 47. Kf1 1/2-1/2

[Event "Olympiad Women-35"]
[Site "Bled"]
[Date "2002.11.05"]
[Round "10.2"]
[White "Wang, Pin"]
[Black "Makropoulou, Marina"]
[Result "1/2-1/2"]
[WhiteElo "2473"]
[BlackElo "2272"]
[PlyCount "132"]
[EventDate "2002.10.26"]
[EventType "team-swiss"]
[EventRounds "14"]
[EventCountry "SLO"]
[SourceTitle "EXT 2003"]
[Source "ChessBase"]
[SourceDate "2002.11.25"]
[SourceVersion "1"]
[SourceVersionDate "2002.11.25"]
[SourceQuality "1"]
[WhiteTeam "China (W)"]
[BlackTeam "Greece (W)"]
[WhiteTeamCountry "CHN"]
[BlackTeamCountry "GRE"]

1. e4 d5 2. exd5 Qxd5 3. Nc3 Qa5 4. d4 c6 5. Nf3 Nf6 6. Bc4 Bf5 7. Bd2 e6 8. Nd5 Qd8 9. Nxf6+ Qxf6 10. Qe2 Nd7 11. 0-0-0 Bg4 12. d5 Bxf3 13. gxf3 cxd5 14. Bxd5 0-0-0 15. Be4 Qe5 16. f4 Qc7 17. Be3 Bc5 18. Rd3 Nf6 19. Bf3 Rxd3 20. Qxd3 Rd8 21. Qb3 Nd5 22. Rd1 Nxe3 23. Bxb7+ Kb8 24. Bf3+ Bb6 25. fxe3 Rxd1+ 26. Kxd1 Qd8+ 27. Ke2 Qh4 28. Qb4 Qxh2+ 29. Kd3 Qh4 30. Qe4 Qd8+ 31. Ke2 Qd7 32. Qxh7 Qb5+ 33. Kf2 Qxb2 34. Qg8+ Kc7 35. Qxf7+ Kd6 36. Qf8+ Kd7 37. Qf7+ Kd6 38. Qg6 Qxa2 39. Qd3+ Ke7 40. Qc3 Kf8 41. Bh5 Qd5 42. Bg6 Qc5 43. Qb3 Qd6 44. Ke2 Qc6 45. Qb4+ Qc5 46. Qe4 Qb5+ 47. c4 Qd7 48. Qa8+ Ke7 49. Qg8 Kd6 50. Bf7 Qa4 51. Qf8+ Kc7 52. Qe7+ Qd7 53. Qxe6 Qxe6 54. Bxe6 Kd6 55. Bg4 a5 56. Kd3 a4 57. Bd1 a3 58. Bb3 Bc5 59. e4 Ke6 60. Ba2 Kf6 61. Ke2 g5 62. e5+ Kf5 63. fxg5 Kxg5 64. e6 Kf6 65. Kd3 Kxe6 66. Ke4 Kd6 1/2-1/2

[Event "Olympiad Women-35"]
[Site "Bled"]
[Date "2002.10.28"]
[Round "3.3"]
[White "Wang, Pin"]
[Black "Kosteniuk, Alexandra"]
[Result "1/2-1/2"]
[WhiteElo "2473"]
[BlackElo "2455"]
[PlyCount "142"]
[EventDate "2002.10.26"]
[EventType "team-swiss"]
[EventRounds "14"]
[EventCountry "SLO"]
[SourceTitle "EXT 2003"]
[Source "ChessBase"]
[SourceDate "2002.11.25"]
[SourceVersion "1"]
[SourceVersionDate "2002.11.25"]
[SourceQuality "1"]
[WhiteTeam "China (W)"]
[BlackTeam "Russia (W)"]
[WhiteTeamCountry "CHN"]
[BlackTeamCountry "RUS"]

1. e4 c5 2. Nf3 d6 3. d4 cxd4 4. Nxd4 Nf6 5. Nc3 Nc6 6. Bg5 e6 7. Qd2 a6 8. 0-0-0 h6 9. Nxc6 bxc6 10. Bf4 d5 11. Qe3 Be7 12. Be2 0-0 13. Qg3 Kh8 14. Bc7 Qd7 15. Be5 Qb7 16. exd5 cxd5 17. Rd4 Ne8 18. Bd3 Bf6 19. Re1 Bd7 20. a3 a5 21. a4 Rb8 22. Nb5 Bxb5 23. axb5 Qe7 24. Kb1 Rb7 25. Ra4 Bxe5 26. Qxe5 Qc7 27. Qxc7 Nxc7 28. Rxa5 Rfb8 29. c4 dxc4 30. Bxc4 Nxb5 31. Bxb5 Rxb5 32. Rxb5 Rxb5 33. Re4 Kg8 34. b4 Kf8 35. Kb2 Ke7 36. Kb3 Kd6 37. Rc4 Rb8 38. Rc5 f5 39. Ra5 Rb7 40. Ra2 Kc6 41. Kc4 Rc7 42. b5+ Kd6+ 43. Kb4 Rc1 44. Ka5 Kc7 45. Ka6 Kb8 46. Re2 Kc7 47. Ra2 Kb8 48. Kb6 Rd1 49. Rc2 e5 50. Rc6 Rd2 51. Re6 Kc8 52. Rxe5 Rxf2 53. g3 g5 54. Kc6 Rc2+ 55. Rc5 Rxh2 56. Rxf5 Rc2+ 57. Kb6 Rc3 58. g4 Rg3 59. Rf6 Rxg4 60. Rxh6 Rg1 61. Rh8+ Kd7 62. Kb7 Ke6 63. b6 g4 64. Kc8 Rc1+ 65. Kb8 Kf5 66. b7 Rb1 67. Kc7 Kf4 68. b8Q Rxb8 69. Rxb8 g3 70. Kd6 g2 71. Rg8 Kf3 1/2-1/2